| 000 | 02546njm a2200421Ia 4500 | ||
|---|---|---|---|
| 001 | 27451 | ||
| 003 | IT-RoPAU | ||
| 005 | 20220918181118.0 | ||
| 008 | 131025s9999 xx 000 0 und d | ||
| 040 | _aIT-RoPAU | ||
| 040 | _cIT-RoPAU | ||
| 999 |
_c99557 _d99557 |
||
| 999 | _bn.d. | ||
| 100 |
_aAA.VV. _9794 |
||
| 100 |
_eAutore musica _918136 |
||
| 100 |
_gCodice autore musica SPICS: 12000 _9796 |
||
| 245 | _aBenvenuta simpatia | ||
| 250 | _a1a ed. | ||
| 260 | _aROMA | ||
| 260 | _bSIBILLA | ||
| 300 | _aDISCO | ||
| 300 | _c46 minuti (Testo: pag.) | ||
| 500 | _aMusica strumentale | ||
| 505 | _aBenvenuta simpatia [(Monti Elvio) (4:00)] - Universum [(Salizzato Italo) (4:00)] - Nostalgia di sera (3:00) - Trumpet Holiday (3:00) - Caleidoscopio [(Ruthuard) (3:00)] - Carosello [(Monti Elvio) (3:00)] - Nulla di lui [(Monti Elvio) (3:00)] - Lady Moon [(Salizzato Italo) (4:00)] - E' già notte [(Monti Elvio) (4:00)] - Ultime ore [(Ruthuard) (3:00)] - Trumpet Shake [(Saracino Pino) (3:00)] - Il vento ha portato via [(Monti Elvio) (3:00)] - Constellation [(Saracino Pino) (3:00)] - Acquarello abruzzese [(Monti Elvio) (3:00)] | ||
| 650 |
_aSTRUMENTALE [DISCHI] _eCodice MATERIA SPICS: 9950 _9828 |
||
| 700 |
_aPatriarca _dCodice autore musica SPICS: 28312 _eAutore musica _pBenvenuta simpatia _918137 |
||
| 700 |
_aRaspanti M. _dCodice autore musica SPICS: 14383 _eAutore musica _pBenvenuta simpatia - Universum - Nostalgia di sera - Trumpet Holiday - Caleidoscopio - Carosello - Nulla di lui - Lady Moon - E' già notte - Ultime ore - Trumpet Shake - Il vento ha portato via - Constellation - Acquarello abruzzese _918138 |
||
| 700 |
_aSalizzato Italo _dCodice autore SPICS: 28313 _eAutore _pUniversum _918139 |
||
| 700 |
_aGioia _dCodice autore SPICS: 24609 _eAutore _pTrumpet Holiday _918140 |
||
| 700 |
_aSciascia _dCodice autore SPICS: 24608 _eAutore _pCaleidoscopio - Il vento ha portato via _918141 |
||
| 700 |
_aEvangelisti _dCodice autore musica SPICS: 24576 _eAutore musica _pCarosello _918142 |
||
| 700 |
_aColitta M. _dCodice autore musica SPICS: 28314 _eAutore musica _pNulla di lui _918143 |
||
| 700 |
_aArbik _dCodice autore musica SPICS: 28315 _eAutore musica _pLady Moon _918144 |
||
| 700 |
_aMonti Elvio _dCodice autore SPICS: 11030 _eAutore _pE' già notte _918145 |
||
| 700 |
_aLunik _dCodice autore testo/musica SPICS: 28316 _eAutore testo/musica _pE' già notte _918146 |
||
| 700 |
_aLanzione _dCodice autore SPICS: 24613 _eAutore _pUltime ore _918147 |
||
| 700 |
_aPelleus _dCodice autore SPICS: 24144 _eAutore _pTrumpet Shake _918148 |
||
| 942 |
_cMD _2ddc |
||